Global Environmental Law

Bibliographic Details
Main Author: Lorenzetti, Ricardo Luis
Other Authors: Lorenzetti, Pablo
Format: eBook
Language:English
Published: Washington DC: Environmental Law Institute, 2020
Subjects:
Online Access:Acceso restringido

MARC

LEADER 00000nam a22000007a 4500
005 20220919211819.0
007 cr|||| |||
008 220919s2020 us |||||s|||| 00||0 eng d
020 |a 978-1-58576-223-1 
035 |a 36374 
040 |a vLex 
090 |c 13933  |d 13933 
100 1 |a Lorenzetti, Ricardo Luis 
245 1 0 |a Global Environmental Law  |h [Recurso electrn̤ico] /  |c Ricardo Luis Lorenzetti, Pablo Lorenzetti 
256 |a Servicio en ln̕ea 
260 |a Washington DC:  |b Environmental Law Institute,  |c 2020 
300 |a 1 recurso electrn̤ico 
500 |a The book also includes an annex that illustrates how environmental law is changing across the globe--a must have resource for today's legal scholars and practitioners. 
506 1 |a Disponible solo en los productos indicados  |d vLex Global  |d vLex Global (Academic Edition, excluding Law Schools)  |d vLex Global (Academic Edition, Law Schools) 
650 0 4 |a Derecho del Medio Ambiente  |z Estados Unidos 
700 1 |a Lorenzetti, Pablo 
740 0 |a vLex Libros (Servicio en ln̕ea) 
856 4 0 |u https://app.vlex.com/#/sources/36374  |z Acceso restringido 
942 |c BOOK 
999 0 |a Environmental Law